000 00625nam a2200205 4500
005 20251110140951.0
037 _aBC_730 57
040 _aBC-ENSA
_bfre
041 _afre
_bfre
080 _a631
100 _aSARI, Djilali
245 _aLa dépossession des fellahs
_b( 1830 - 1962 )
260 _aAlger
_bSNED
_c1975
300 _a145 p.
_bill. en coul., couv. ill. en coul.
_c25 cm
500 _aversée en Département de Phytotechnie
541 _cDON
562 _e01 exemplaire(s)
650 _aAGRICULTURE/HISTOIRE/TERRE AGRICOLE/LEGISLATION/COLONIALISME/PAYSANNAT SANS TERRE/ALGERIE
942 _c09
999 _c36334
_d64332